| 000 | 00781nam a2200121Ia 4500 | ||
|---|---|---|---|
| 008 | 220616s9999||||xx |||||||||||||| ||und|| | ||
| 245 | 0 | _aShaping Higher Education with Students – ways to connect Research and Teaching | |
| 546 | _aEnglish[eng] | ||
| 650 | _ateaching||learning||research||education||higher education||Curriculum||Pedagogy||Reality||Student||Undergraduate education||University College London | ||
| 700 | _aSotiriou, Mina||C.H. Tong, Vincent||Standen, Alex | ||
| 856 | _uhttps://library.oapen.org/bitstream/20.500.12657/30611/1/644955.pdf||https://library.oapen.org/bitstream/20.500.12657/30611/1/644955.pdf||https://library.oapen.org/bitstream/20.500.12657/30611/1/644955.pdf||https://library.oapen.org/bitstream/20.500.12657/30611/1/644955.pdf | ||
| 942 | _cEB | ||
| 999 |
_c20627 _d20627 |
||